Textbook on International Law / (Record no. 592396)

000 -LEADER
fixed length control field 00357nam a22001337a 4500
020 ## - INTERNATIONAL STANDARD BOOK NUMBER
International Standard Book Number 9780199574452
082 ## - DEWEY DECIMAL CLASSIFICATION NUMBER
Classification number 341
Author Mark DIX
100 ## - MAIN ENTRY--PERSONAL NAME
Personal name Dixon, Martin
245 ## - TITLE STATEMENT
Title Textbook on International Law /
Statement of responsibility, etc. Martin Dixon
260 ## - PUBLICATION, DISTRIBUTION, ETC.
Place of publication, distribution, etc. United Kingdom :
Name of publisher, distributor, etc. Oxford University Press,
Date of publication, distribution, etc. 2013.
300 ## - PHYSICAL DESCRIPTION
Extent 393 p. ;
Dimensions 24 cm.
563 ## - BINDING INFORMATION
Binding note HBK.
942 ## - ADDED ENTRY ELEMENTS (KOHA)
Source of classification or shelving scheme
Koha item type Book
Holdings
Withdrawn status Lost status Source of classification or shelving scheme Damaged status Not for loan Permanent Location Current Location Shelving location Date acquired Source of acquisition Total Checkouts Full call number Barcode Date last seen Date last checked out Price effective from Koha item type Total Renewals
          NUST Law School (NLS) NUST Law School (NLS) Law 11/19/2022 Allied Book Company 1 341 DIX CL-1263 06/03/2025 02/26/2024 11/19/2022 Book  
          NUST Law School (NLS) NUST Law School (NLS) Law 11/19/2022 Allied Book Company 1 341 DIX CL-1264 02/17/2025 02/28/2024 11/19/2022 Book 4
© 2023 Central Library, National University of Sciences and Technology. All Rights Reserved.